¿Cuanto sabes de cine? - Estadísticas

Estadísticas generales
  • Esta prueba ha sido intentada 1.020 veces
  • La puntuación promedio es 6 de 14
Estadísticas de respuestas
Pregunta Respuesta % Correcto
¿Qué mítico actor/actriz de Hollywood no fue a recoger su Óscar? Marlon Brando
81%
¿Que ex presidente de los Estados Unidos participó en mas de 30 películas? Ronald Reagan
72%
¿Que película ganó el Óscar a mejor película del año 1994? Forrest Gump
61%
¿Quién rodo Viaje a la Luna (1902)? Georges Méliès
60%
¿Que actriz de la era dorada de Hollywood ganó el Oscar juvenil (ya desaparecido)? Judy Garland
60%
¿Que actor tiene en su haber tres Oscars? Todas son correctas
56%
¿Que película de Buster Keaton se encuentra entre las 20 mejores de la historia? El maquinista de la general
54%
¿Porque película ganó Paul Newmann el Oscar a mejor actor? El color del dinero
31%
¿Que actor es el único en tener dos nominaciones póstumas al Oscar? James Dean
31%
¿Cuánto consiguio de ganancia Steven Spielberg por su primera película? 1$
30%
¿Cuál es la película más taquillera de la historia con inflación? Lo que el viento se llevo
30%
¿Primer Actor/Actriz negro/a en ganar un Óscar? Hattie McDaniel
24%
¿Quién puso en marcha el primer estudio cinematográfico de la historia? Thomas Alva Edison
10%
¿Que famoso/a actor de cine mudo fue el/la primero en cobrar un millón de dolares? Roscoe "Fatty" Arbuckle
5%
No se encontraron pruebas coincidentes
Distribución de puntuación
Porcentaje de gente con cada puntuación
Porcentaje por número respondido
Historial de tus puntuaciones
No has intentado esta prueba.